| 000 | 00625nam a2200241 a 4500 | ||
|---|---|---|---|
| 001 | nice12345678 | ||
| 003 | IN_TiNIC | ||
| 005 | 20260116011847.0 | ||
| 008 | 050524s1973 bana grd 000 0 eng | ||
| 020 |
_a _c39 |
||
| 082 | 0 | 0 |
_a220.3 _bLEO |
| 100 | _aLeon-Dufour, Xavier | ||
| 245 | _aDictionary of Biblical Theology. | ||
| 260 |
_aBangalore _bTheological Publications in India _c1973 |
||
| 300 | _a712p | ||
| 500 | _aincludes index and biblioraphy | ||
| 505 | 2 | _aAnalytical table, Index | |
| 650 | _aBible-Dictionaries | ||
| 700 | 1 | _aLeon-Dufour, Xavier | |
| 902 | _bSRS | ||
| 942 | _cBK | ||
| 999 |
_c4517 _d4517 |
||